Score 0/35 Timer 04:00
3 Plays Today
% Correct
A Link to the Past
90.9%
Black Ops
89.1%
Vice City
87.9%
San Andreas
87.5%
Ocarina of Time
86.4%
Majora's Mask
80.3%
The Wind Waker
76.6%
Ghosts
74.2%
The Ballad of Gay Tony
69.6%
Tournament Edition
56.4%
Strike Team
56.1%
Armageddon
56%
The Wrath of Cortex
54.9%
The Minish Cap
54.6%
Finest Hour
54.4%
Belmont's Revenge
52.4%
Warped
51.7%
Shaolin Monks
49.2%
% Correct
Circle of the Moon
48.1%
Deadly Alliance
47.4%
Underworld
46.4%
Mind Over Mutant
45.1%
The Angel of Darkness
44.8%
Mutant Island
43.6%
London 1961
43.4%
The Huge Adventure
42.2%
Curse of the Sword
41.4%
The Last Revelation
40%
Bloodlines
38.8%
The Lost and Damned
38.4%
Lament of Innocence
36.3%
Unchained
33.6%
The Prophecy
33.4%
Roads to Victory
30.2%
Order of Ecclesia
30.1%

You're not logged in!

Compare scores with friends on all Sporcle quizzes.
OR
Log In

Sporcle TV

Today on Sporcle TV


Watch our educational content, quiz creation guides, and fun videos on Sporcle TV.

Show Comments

Extras

Top Quizzes Today


Score Distribution

Your Account Isn't Verified!

In order to create a playlist on Sporcle, you need to verify the email address you used during registration. Go to your Sporcle Settings to finish the process.

Report this User

Report this user for behavior that violates our Community Guidelines.

Details: